World encyclopedia of nations and nationalities: (Record no. 160809)

000 -LEADER
fixed length control field 00377nam a22001337a 4500
082 ## - DEWEY DECIMAL CLASSIFICATION NUMBER
Classification number
Item number
100 ## - MAIN ENTRY--PERSONAL NAME
Personal name Elisee Reclus
245 ## - TITLE STATEMENT
Title World encyclopedia of nations and nationalities:
Remainder of title universal geography with illustration and maps (v.6)(p.2)/
Statement of responsibility, etc. by Elisee Reclus.
260 ## - PUBLICATION, DISTRIBUTION, ETC.
Place of publication, distribution, etc. New Delhi:
Name of publisher, distributor, etc. Discovery,
Date of publication, distribution, etc. 1992.
300 ## - PHYSICAL DESCRIPTION
Extent 508p.
650 ## - SUBJECT ADDED ENTRY--TOPICAL TERM
Topical term or geographic name entry element
700 ## - ADDED ENTRY--PERSONAL NAME
Personal name
942 ## - ADDED ENTRY ELEMENTS (KOHA)
Koha item type Book
Holdings
Withdrawn status Lost status Damaged status Not for loan Permanent Location Current Location Shelving location Date acquired Cost, normal purchase price Total Checkouts Barcode Date last seen Price effective from Koha item type
        RC Thiruvananthapuram RC Thiruvananthapuram   01.10.2018 1000.00   TV001821 01.10.2018 01.10.2018 Book
        RC Thiruvananthapuram RC Thiruvananthapuram   01.10.2018 1000.00   TV001822 01.10.2018 01.10.2018 Book